| 000 | 00762nam a2200193 i 4500 | ||
|---|---|---|---|
| 001 | 25970 | ||
| 003 | ES-MaACL | ||
| 005 | 20250831121725.0 | ||
| 007 | t| | ||
| 008 | 030107s1882 sp ||||1| spa d | ||
| 110 | 2 |
_aAsociación para la Reforma de los Aranceles de Aduanas _91779 |
|
| 245 | 1 | 0 |
_aMeeting celebrado en el Teatro de la Alhambra el día 25 de marzo de 1882 _b: tema: la base 5ª de la ley arancelaria y el tratado de comercio... / _cAsociación para la Reforma de los Aranceles de Aduanas. |
| 260 |
_aMadrid : _b[s.n., _c1882] ( _fImp. de E. de la Riva) |
||
| 300 |
_a62 p. ; _c22 cm. |
||
| 710 | 2 |
_aTeatro de la Alhambra (Granada) _96919 |
|
| 852 |
_aES-MaACL _jFol-Laf-239 |
||
| 852 |
_aES-MaACL _jT-372-F-6 |
||
| 999 |
_c25970 _d25970 |
||